000 00641nam a2200241Ia 4500
003 OSt
005 20221007065315.0
006 a|||||r|||| 00| 0
007 ta
008 221006b |||||||| |||| 00| 0 eng d
024 _a7,058
037 _cTextual
040 _aFLL
_cFLL
_beng
041 _2eng
_aeng
082 _a20aT4:3, M3
100 _aKumar Girja
_9686823
245 0 _aPhilosophy of user education
260 _aDelhi
_bVikas Pub House India
_c1983
300 _axi,247p
_ccm.
700 _a Kumar Krishan
942 _h20aT4:3, M3
_cTEXL
_2CC
999 _c1136934
_d1136934